| 000 | 01790nkm a2200433 a 4500 | ||
|---|---|---|---|
| 999 |
_c211172 _d211172 |
||
| 003 | BLK | ||
| 005 | 20240223175042.0 | ||
| 008 | 180412b bul rap|r|||| r0| ||bulo| | ||
| 010 | _aKNG00177384000 | ||
| 040 | _aBLK | ||
| 041 |
_aBUL _cBUL |
||
| 080 |
_aПриложно изкуство. Художествени занаяти. Интериор. Дизайн. Играчки. Худож. пространствено оформление _b745/749 _x(497.2) _z745/749(497.2) |
||
| 080 |
_aОблекло. Носия. Мода. Накит. Вж и 613.4 ; 646 ; 687 _b391 _x(497.2) _z391(497.2) |
||
| 100 |
_9275731 _aВакарелски, Христо Томов _eпърви автор |
||
| 139 |
_aВакарелски, Христо Томов _bВ 17 |
||
| 245 | 1 | 0 |
_aБългарско народно изкуство _bАлбум _cсъстав. Христо Вакарелски. |
| 257 | _aBGR | ||
| 260 |
_aСофия _bБълг. художник _c1963 |
||
| 300 |
_a22 с., 92 с., 8 с. _bил. _c33 см |
||
| 380 | _a7 | ||
| 500 | _aСписък на ил. | ||
| 504 | _aБиблиогр. в края на албума | ||
| 650 | 4 |
_aПриложно и декоративно изкуство - България _9247366 |
|
| 651 | 4 |
_aБългария _9241624 |
|
| 653 | _aприложно изкуство | ||
| 653 | _aнародни носии | ||
| 653 | _aтъкани | ||
| 653 | _aшевици | ||
| 653 | _aнакити | ||
| 653 | _aгрънчарство | ||
| 653 | _aдърворезба | ||
| 653 | _aкилими | ||
| 653 | _aметали | ||
| 653 | _aкерамика | ||
| 852 |
_aЦб ІІ 26239 _bЦб |
||
| 942 |
_cGRA _n0 _02 _s1 |
||
| 944 |
_aCR _c30.06.2015 _k30564 _lГалина Якимова |
||
| 944 |
_aED _c2021-02-16 _kГГГ |
||